Blox Fruits Random Quiz 2 - Statistics

General Stats
  • This quiz has been taken 297 times
  • The average score is 6 of 10
Answer Stats
Hint Answer % Correct
What sea has the island Marine Fortress? ((Make sure to type "Sea")) 1st Sea
91%
What is the reward for doing the most damage on the factory core? A Random Fruit
87%
What does CDK stand for? Cursed Dual Katana
81%
What fruits does Bobby use? Chop
80%
What is the most expensive Elemental fruit as of update 20? Dough
74%
Which accessory grants the highest speed boost (As of update 20) Pilot Helm
61%
What is the shrine which appears in 3rd sea during a full moon? Kitsune Shrine
59%
What is the 3rd move of Control? ((B on xbox, C on pc)) Echo Knife
56%
What is the fastest boat? The Sentinel
42%
What was Bomb's original first move? ((X on xbox, Z on pc)) Snipe
18%
No matching quizzes found
Score Distribution
Percent of People with Each Score
Percentile by Number Answered
Your Score History
You have not taken this quiz